Proceedings : First Harvard-Smithsonian Conference on Stellar Atmospheres.

Bibliographic Details
Corporate Authors: Harvard-Smithsonian Conference on Stellar Atmospheres Cambridge, Mass., Smithsonian Astrophysical Observatory
Format: Conference Proceeding Book
Language:English
Published: Cambridge, Mass. : Smithsonian Institution, Astrophysical Observatory, 1964.
Series:SAO special report ; no. 167.
Subjects:

MARC

Tag First Indicator Second Indicator Subfields
LEADER 00000cam a2200000Ia 4500
001 in00001818521
005 20151026053529.0
008 971112s1964 mau 000 0 eng d
035 |a (OCoLC)ocm37927512 
040 |a SCA  |c SCA  |d TXA  |d UtOrBLW 
049 |a TXAM 
090 |a TL796.A1  |b S6 no.167 
111 2 |a Harvard-Smithsonian Conference on Stellar Atmospheres  |n (1st :  |d (1964 :  |c Cambridge, Mass.) 
245 1 0 |a Proceedings :  |b First Harvard-Smithsonian Conference on Stellar Atmospheres. 
246 3 0 |a First Harvard-Smithsonian Conference on Stellar Atmospheres. 
264 1 |a Cambridge, Mass. :  |b Smithsonian Institution, Astrophysical Observatory,  |c 1964. 
300 |a vii, 335 pages :  |b illustrations ;  |c 28 cm. 
336 |a text  |b txt  |2 rdacontent 
337 |a unmediated  |b n  |2 rdamedia 
338 |a volume  |b nc  |2 rdacarrier 
490 1 |a SAO special report ;  |v no. 167 
500 |a "December 21, 1964." 
500 |a At head of title: Research in space science. 
504 |a Includes bibliographical references. 
650 0 |a Space sciences. 
650 0 |a Stars  |x Atmospheres. 
650 0 |a Stellar activity. 
710 2 |a Smithsonian Astrophysical Observatory. 
830 0 |a SAO special report ;  |v no. 167. 
948 |a cataloged  |b h  |c 2004/4/5  |d c  |e jgreene  |f 3:31:43 pm 
994 |a E0  |b TXA 
999 |a MARS 
999 f f |s 5130e4d8-e739-3f7c-9052-847899e5fdbc  |i 97a71682-c005-394e-908f-ee1aa9545d56  |t 0 
952 f f |p ric  |a Texas A&M University  |b Rellis Campus  |c Joint Library Facility  |d Remote Storage  |t 0  |e TL796.A1 S6 no.167  |h Library of Congress classification  |i unmediated -- volume  |m A14831129169 
998 f f |a TL796.A1 S6 no.167  |t 0  |l Remote Storage